[Event "XXXIV Open Internacional de Barbera del Valles - G
[Site "Barbera del Valles (Spain)"]
[Date "2011.07.06"]
[Round "3"]
[Board "1"]
[White "VASSALLO BARROCHE, Mauricio"]
[Black "ARIZMENDI MARTINEZ, Julen Luis"]
[Result "1/2-1/2"]
[WhiteElo "2416"]
[BlackElo "2555"]
[PlyCount "68"]
[EventDate "2011.07.04"]
[EventRounds "9"]
[EventCountry "ESP"]

1.d4 d5 2.c4 e6 3.Nc3 Bb4 4.e3 Nf6 5.a3 Bxc3+ 6.bxc3 c6 7.Nf3 Qa5 8.Bd2 Ne4
9.cxd5 exd5 10.c4 Qd8 11.cxd5 cxd5 12.Bb5+ Nc6 13.Ne5 O-O 14.Nxc6 bxc6 15.Bd3
Qg5 16.Qf3 Re8 17.h4 Qd8 18.Qf4 Re6 19.f3 Nxd2 20.Kxd2 Qa5+ 21.Ke2 Ba6 22.Bxa6
Qxa6+ 23.Kf2 Rae8 24.Rhe1 Qd3 25.Re2 h6 26.a4 Rf6 27.Qc7 Rxe3 28.Rxe3 Qd2+
29.Kf1 Qxe3 30.Qxa7 Re6 31.Qb8+ Kh7 32.Qb1+ Kg8 33.Qb8+ Kh7 34.Qb1+ Kg8 1/2-1/2

[Event "XXXIV Open Internacional de Barbera del Valles - G
[Site "Barbera del Valles (Spain)"]
[Date "2011.07.06"]
[Round "3"]
[Board "1"]
[White "MASCARO MARCH, Pedro"]
[Black "NARCISO DUBLAN, Marc"]
[Result "1/2-1/2"]
[WhiteElo "2413"]
[BlackElo "2544"]
[PlyCount "115"]
[EventDate "2011.07.04"]
[EventRounds "9"]
[EventCountry "ESP"]

1.d4 f5 2.Nc3 Nf6 3.Bg5 d5 4.Bxf6 exf6 5.e3 Be6 6.Bd3 Nc6 7.Qf3 Qd7 8.a3 O-O-O
9.h4 h5 10.Nge2 g6 11.Nf4 Bf7 12.O-O-O Ne7 13.Qe2 Kb8 14.Kb1 Bh6 15.g3 Nc8 16.f3
Rhe8 17.Qf2 Nb6 18.Rhe1 c6 19.Bf1 Qc7 20.Bd3 Qd6 21.Qd2 Re7 22.Qf2 Rde8 23.Na2
c5 24.Bb5 Rc8 25.dxc5 Qxc5 26.Nc3 a6 27.Bf1 Rce8 28.Rd4 Qxd4 29.exd4 Rxe1+
30.Ka2 R1e7 31.a4 Rc7 32.Kb1 Bxf4 33.gxf4 Nc8 34.Qd2 Na7 35.Na2 Rce7 36.Bd3 Re1+
37.Nc1 Nc6 38.Ka2 Rh1 39.Nb3 Rxh4 40.Qc3 Rxf4 41.Bxa6 Rc8 42.Bb5 Nxd4 43.Qe3 Ne6
44.Bd7 Rc7 45.Bxe6 Rxa4+ 46.Kb1 d4 47.Qe1 Bxe6 48.Qxe6 Rac4 49.Qxf6 Rxc2 50.Nxd4
Rc1+ 51.Ka2 R1c5 52.Ne6 R5c6 53.Qh8+ Rc8 54.Qe5+ Ka8 55.Nd4 Rc5 56.Qg7 Rd5
57.Nb3 Rd6 58.Qe7 1/2-1/2

[Event "XXXIV Open Internacional de Barbera del Valles - G
[Site "Barbera del Valles (Spain)"]
[Date "2011.07.06"]
[Round "3"]
[Board "1"]
[White "VAN RIEMSDIJK, Herman C"]
[Black "IBARRA JEREZ, Jose Carlos"]
[Result "1/2-1/2"]
[WhiteElo "2403"]
[BlackElo "2530"]
[PlyCount "139"]
[EventDate "2011.07.04"]
[EventRounds "9"]
[EventCountry "ESP"]

1.e4 c5 2.Nf3 e6 3.d4 cxd4 4.Nxd4 Qb6 5.Nb3 Qc7 6.g3 Nf6 7.Bg2 b6 8.O-O Bb7
9.Re1 d6 10.c4 Nbd7 11.Nc3 Be7 12.Nb5 Qb8 13.Bf4 Ne5 14.a4 O-O 15.Rc1 a6 16.Na3
Qc7 17.a5 bxa5 18.c5 dxc5 19.Nc4 Nfd7 20.Nxe5 Nxe5 21.Bxe5 Qxe5 22.Nxa5 Rad8
23.Qa4 Rd4 24.Qa3 Rd7 25.Rcd1 Rfd8 26.Qa4 Rxd1 27.Rxd1 Rxd1+ 28.Qxd1 Qxb2 29.Qd7
Qa1+ 30.Bf1 Qxa5 31.Qxb7 Bf8 32.Qxa6 Qc7 33.Qc4 g5 34.Kg2 Qe5 35.Bd3 Kg7 36.Qc1
Bd6 37.Qe3 h6 38.Be2 Qb2 39.Bc4 Be5 40.Qe2 Qc3 41.Qd3 Qb4 42.Qb3 Qe1 43.Qe3 Qb1
44.Qd3 Qa1 45.Qd7 Qe1 46.Bxe6 Qxe4+ 47.Kf1 Qg6 48.Bg4 Bd4 49.Qf5 Qd6 50.Be2 Bf6
51.Bd3 Kf8 52.Bc4 Kg7 53.Bd3 Kf8 54.Bc4 Qd1+ 55.Kg2 Qd4 56.Qd5 Qxd5+ 57.Bxd5 Bd4
58.h3 Ke7 59.f4 gxf4 60.gxf4 Be3 61.Kf3 Bc1 62.Ke4 f6 63.Kf5 Kd6 64.Bc4 Kc6
65.Kxf6 Bxf4 66.Kf5 Bg5 67.Ke4 Be7 68.Kd3 Bg5 69.Bf7 c4+ 70.Ke4 1/2-1/2

[Event "XXXIV Open Internacional de Barbera del Valles - G
[Site "Barbera del Valles (Spain)"]
[Date "2011.07.06"]
[Round "3"]
[Board "1"]
[White "FENOLLAR JORDA, Manuel"]
[Black "BRYNELL, Stellan"]
[Result "1/2-1/2"]
[WhiteElo "2358"]
[BlackElo "2495"]
[PlyCount "69"]
[EventDate "2011.07.04"]
[EventRounds "9"]
[EventCountry "ESP"]

1.d4 e6 2.Nf3 Nf6 3.e3 c5 4.Bd3 d5 5.c3 Nc6 6.Nbd2 Bd6 7.O-O O-O 8.dxc5 Bxc5
9.e4 Qc7 10.Qe2 h6 11.e5 Ng4 12.Nb3 Bb6 13.Nbd4 Ngxe5 14.Nxe5 Nxe5 15.Bf4 f6
16.Rae1 g5 17.Bxe5 fxe5 18.Qxe5 Qxe5 19.Rxe5 Bc7 20.Re2 e5 21.Nb5 Bb8 22.c4 Bg4
23.Ree1 a6 24.Nc3 dxc4 25.Bxc4+ Kg7 26.Nd5 b5 27.Ne3 Bc8 28.Bd5 Ra7 29.Rc1 Bd7
30.Rfd1 Rc8 31.Be4 Rxc1 32.Rxc1 Rc7 33.Nf5+ Bxf5 34.Rxc7+ Bxc7 35.Bxf5 1/2-1/2

[Event "XXXIV Open Internacional de Barbera del Valles - G
[Site "Barbera del Valles (Spain)"]
[Date "2011.07.06"]
[Round "3"]
[Board "1"]
[White "PERALTA, Fernando"]
[Black "CARSTENSEN, Jacob"]
[Result "1-0"]
[WhiteElo "2601"]
[BlackElo "2391"]
[PlyCount "71"]
[EventDate "2011.07.04"]
[EventRounds "9"]
[EventCountry "ESP"]

1.d4 Nf6 2.c4 e6 3.Nc3 Bb4 4.e3 b6 5.Bd3 Bb7 6.Nf3 O-O 7.O-O d5 8.cxd5 exd5 9.a3
Bd6 10.b4 a6 11.Qb3 Re8 12.a4 Nbd7 13.Ba3 c6 14.b5 Bxa3 15.bxc6 Bxc6 16.Qxa3 Ne4
17.Rfc1 Bb7 18.Qb3 Nxc3 19.Rxc3 Rc8 20.Rxc8 Qxc8 21.Bf5 Bc6 22.Rc1 Qa8 23.Qc2
Rc8 24.Ne5 Nxe5 25.dxe5 Rc7 26.Bxh7+ Kf8 27.Bd3 Ke8 28.Qc3 Qc8 29.h3 Kd8 30.Qb4
b5 31.axb5 Bxb5 32.Qd6+ Bd7 33.Qb6 Qb7 34.Qa5 Bb5 35.Bxb5 axb5 36.Rc5 1-0

[Event "XXXIV Open Internacional de Barbera del Valles - G
[Site "Barbera del Valles (Spain)"]
[Date "2011.07.06"]
[Round "3"]
[Board "1"]
[White "CUARTAS, Jaime Alexander"]
[Black "KASHTANOV, Ruslan"]
[Result "1-0"]
[WhiteElo "2542"]
[BlackElo "2360"]
[PlyCount "51"]
[EventDate "2011.07.04"]
[EventRounds "9"]
[EventCountry "ESP"]

1.e4 e6 2.d4 d5 3.Nc3 Bb4 4.e5 c5 5.a3 Bxc3+ 6.bxc3 Qc7 7.Nf3 Ne7 8.Bd3 b6 9.a4
Ba6 10.O-O Bxd3 11.Qxd3 cxd4 12.cxd4 Nbc6 13.Bd2 Rc8 14.Rfc1 h6 15.g4 O-O 16.Nh4
Ng6 17.Ng2 Qe7 18.Kh1 Rc7 19.f4 Nh4 20.Nxh4 Qxh4 21.Rg1 f5 22.g5 hxg5 23.Rxg5
Qf2 24.c3 Kf7 25.Rag1 Rh8 26.R1g2 1-0

[Event "XXXIV Open Internacional de Barbera del Valles - G
[Site "Barbera del Valles (Spain)"]
[Date "2011.07.06"]
[Round "3"]
[Board "1"]
[White "VIDARTE MORALES, Arturo"]
[Black "AROSHIDZE, Levan"]
[Result "0-1"]
[WhiteElo "2359"]
[BlackElo "2539"]
[PlyCount "108"]
[EventDate "2011.07.04"]
[EventRounds "9"]
[EventCountry "ESP"]

1.d4 Nf6 2.c4 c5 3.d5 e6 4.Nc3 exd5 5.cxd5 d6 6.e4 g6 7.f4 Bg7 8.Nf3 O-O 9.Be2
Re8 10.e5 dxe5 11.fxe5 Ng4 12.Bg5 Qb6 13.O-O Nxe5 14.Nxe5 Bxe5 15.Bc4 Bf5 16.d6
Qxd6 17.Nd5 Nd7 18.Kh1 Kg7 19.Rc1 Nb6 20.Nf6 Qxd1 21.Nxe8+ Rxe8 22.Rfxd1 Bxb2
23.Bb5 Bxc1 24.Bxc1 Bg4 25.Bb2+ Kg8 26.Rc1 Rd8 27.Kg1 Rd1+ 28.Rxd1 Bxd1 29.Kf2
Ba4 30.Be2 Bc6 31.g4 Bd5 32.a3 Nc4 33.Bxc4 Bxc4 34.g5 Kf8 35.Be5 Ke7 36.Ke3 Ke6
37.Bb8 a6 38.Ba7 Kd5 39.Bb6 Bb5 40.h4 Bd7 41.Kd3 Bf5+ 42.Kc3 Kc6 43.Bd8 b5
44.Kb3 Kd5 45.Kc3 Ke4 46.Be7 c4 47.Bf6 Kf4 48.Kb4 Kg4 49.a4 bxa4 50.Kxc4 Kxh4
51.Be7 Kh5 52.Kd4 a3 53.Kc3 a2 54.Kb2 Be6 0-1

[Event "XXXIV Open Internacional de Barbera del Valles - G
[Site "Barbera del Valles (Spain)"]
[Date "2011.07.06"]
[Round "3"]
[Board "1"]
[White "BACALLAO ALONSO, Yusnel"]
[Black "SANDE EDREIRA, Jose Antonio"]
[Result "1/2-1/2"]
[WhiteElo "2532"]
[BlackElo "2348"]
[PlyCount "148"]
[EventDate "2011.07.04"]
[EventRounds "9"]
[EventCountry "ESP"]

1.Nf3 g6 2.d4 Bg7 3.e4 c5 4.dxc5 Qa5+ 5.c3 Qxc5 6.Na3 Nf6 7.Bd3 O-O 8.O-O d6
9.h3 Nbd7 10.Nb5 b6 11.Nbd4 Bb7 12.Qe2 Qh5 13.Nb3 a5 14.a4 Nc5 15.Nxc5 bxc5
16.Re1 Rfc8 17.Bg5 c4 18.Bc2 Rab8 19.Rad1 Ba8 20.Bc1 Bh6 21.Bxh6 Qxh6 22.e5 Nh5
23.exd6 exd6 24.Rxd6 Rxb2 25.Nd4 Qf8 26.Qe7 Qxe7 27.Rxe7 Nf4 28.Ra7 Rb7 29.Rxa8
Rxa8 30.Be4 Rab8 31.Bxb7 Rxb7 32.Rc6 Nd3 33.Rxc4 Nb2 34.Rc8+ Kg7 35.Nc6 Nxa4
36.Nxa5 Rb5 37.Nc4 Nxc3 38.Nd6 Rb1+ 39.Kh2 Nd5 40.Ne4 Kh6 41.Rd8 Nf4 42.Nd6 Kg7
43.g4 g5 44.Ne8+ Kf8 45.Nf6+ Kg7 46.Nh5+ Kh6 47.Rd6+ Ng6 48.Ng3 Kg7 49.Nf5+ Kg8
50.Rd7 Rb2 51.Rd8+ Nf8 52.Kg2 f6 53.Ra8 Kf7 54.Ra7+ Ke6 55.Re7+ Kd5 56.Ne3+ Kd4
57.Kf3 Rb3 58.Rf7 Ng6 59.Rxf6 Ne5+ 60.Kg2 Nd3 61.Rd6+ Ke4 62.Re6+ Kd4 63.Rh6 Rb5
64.Rf6 Nf4+ 65.Kg3 h5 66.h4 gxh4+ 67.Kf3 hxg4+ 68.Nxg4 Nd5 69.Rd6 Kc5 70.Rh6
Rb3+ 71.Ne3 Nxe3 72.fxe3 Rb4 73.e4 Rb6 74.Rxh4 Kd4 1/2-1/2

[Event "XXXIV Open Internacional de Barbera del Valles - G
[Site "Barbera del Valles (Spain)"]
[Date "2011.07.06"]
[Round "3"]
[Board "1"]
[White "DOMINGUEZ PONS, Eric"]
[Black "GONZALEZ GARCIA, Jose"]
[Result "1/2-1/2"]
[WhiteElo "2344"]
[BlackElo "2522"]
[PlyCount "36"]
[EventDate "2011.07.04"]
[EventRounds "9"]
[EventCountry "ESP"]

1.e4 c5 2.Nf3 e6 3.d4 cxd4 4.Nxd4 a6 5.Nc3 b5 6.Bd3 Bb7 7.O-O Nc6 8.Be3 Nf6
9.Nxc6 dxc6 10.a4 b4 11.Nb1 Be7 12.Nd2 e5 13.Nc4 Nd7 14.Qg4 O-O 15.Qg3 Bh4
16.Qg4 Be7 17.Qg3 Bh4 18.Qg4 Be7 1/2-1/2

[Event "XXXIV Open Internacional de Barbera del Valles - G
[Site "Barbera del Valles (Spain)"]
[Date "2011.07.06"]
[Round "3"]
[Board "1"]
[White "HUERGA LEACHE, Mikel"]
[Black "SUBIRATS RUIZ, Sergi"]
[Result "1-0"]
[WhiteElo "2453"]
[BlackElo "2179"]
[PlyCount "71"]
[EventDate "2011.07.04"]
[EventRounds "9"]
[EventCountry "ESP"]

1.e4 e5 2.Nf3 Nc6 3.Bb5 a6 4.Ba4 Nf6 5.O-O b5 6.Bb3 Bc5 7.c3 d6 8.a4 Bg4 9.axb5
axb5 10.Rxa8 Qxa8 11.h3 Bh5 12.d3 Ne7 13.Bg5 h6 14.Bxf6 gxf6 15.d4 Bb6 16.Qd3
Ng6 17.Qxb5+ Ke7 18.Qc4 Rh7 19.Nbd2 Rg7 20.Kh2 Nf4 21.Rg1 Qc8 22.g4 Bg6 23.Nh4
Bh7 24.Nf1 Kf8 25.Ng3 Nxh3 26.Ra1 Nxf2 27.Qc6 Nxg4+ 28.Kg1 Bxe4 29.Nxe4 exd4
30.Ra8 Ne5+ 31.Kf1 Nxc6 32.Rxc8+ Nd8 33.Nf5 c5 34.Nxg7 Kxg7 35.cxd4 cxd4 36.Nxd6
1-0

[Event "XXXIV Open Internacional de Barbera del Valles - G
[Site "Barbera del Valles (Spain)"]
[Date "2011.07.06"]
[Round "3"]
[Board "1"]
[White "ASIS GARGATAGLI, Hipolit"]
[Black "SANCHEZ IBERN, Marc"]
[Result "1-0"]
[WhiteElo "2431"]
[BlackElo "2327"]
[PlyCount "76"]
[EventDate "2011.07.04"]
[EventRounds "9"]
[EventCountry "ESP"]

1.e4 c5 2.Nf3 d6 3.d4 Nf6 4.Nc3 cxd4 5.Nxd4 Nc6 6.Bg5 Bd7 7.Qd2 Rc8 8.Nxc6 Bxc6
9.f3 e6 10.O-O-O a6 11.Ne2 b5 12.Nd4 Bb7 13.Kb1 Be7 14.h4 h6 15.Be3 Nd7 16.g4 d5
17.Bg2 Ne5 18.g5 dxe4 19.gxh6 gxh6 20.f4 Nc4 21.Qf2 Bd5 22.f5 Qc7 23.fxe6 fxe6
24.Qe2 Nxe3 25.Qxe3 e5 26.Bxe4 exd4 27.Qxd4 Bxe4 28.Qxh8+ Bf8 29.Rde1 Qxc2+
30.Ka1 Kf7 31.Rhf1+ Bf5 32.Qe5 Rc5 33.Qe6+ Kg7 34.Rg1+ Bg6 35.Ref1 Kh7 36.h5
Qxb2+ 37.Kxb2 Bg7+ 38.Kb3 Bd3 1-0

[Event "XXXIV Open Internacional de Barbera del Valles - G
[Site "Barbera del Valles (Spain)"]
[Date "2011.07.06"]
[Round "3"]
[Board "1"]
[White "L'AMI, Alina"]
[Black "GARCIA ROMAN, Daniel"]
[Result "1-0"]
[WhiteElo "2312"]
[BlackElo "2427"]
[PlyCount "115"]
[EventDate "2011.07.04"]
[EventRounds "9"]
[EventCountry "ESP"]

1.d4 Nf6 2.c4 e6 3.Nc3 Bb4 4.Qc2 b6 5.e4 c5 6.d5 exd5 7.exd5 Qe7+ 8.Be2 Qe4
9.Qxe4+ Nxe4 10.Bd2 Bxc3 11.bxc3 Nxd2 12.Kxd2 d6 13.Bd3 Nd7 14.Re1+ Kf8 15.f4
Nf6 16.h3 Bd7 17.g4 Re8 18.Nf3 g6 19.Rxe8+ Kxe8 20.Re1+ Kf8 21.Nh4 Rg8 22.Ra1
Ke7 23.Re1+ Kd8 24.Nf3 Rf8 25.Nh4 Rg8 26.Nf3 Rf8 27.Nh4 h6 28.Nf3 Rh8 29.g5 hxg5
30.Nxg5 Be8 31.f5 Rh5 32.Rg1 gxf5 33.Bxf5 Ke7 34.Re1+ Kf8 35.Rg1 Bd7 36.Bxd7
Nxd7 37.Ne4 Ke7 38.Re1 Ne5 39.Nf2 Kd8 40.Re4 f5 41.Rf4 Ke7 42.Ke2 a5 43.a4 Ng6
44.Rf3 Nh4 45.Re3+ Kd7 46.Rg3 f4 47.Rg7+ Kd8 48.Nd3 Nf5 49.Rg8+ Ke7 50.Nxf4 Rh6
51.Rb8 Nh4 52.Rxb6 Nf5 53.Ra6 Kf6 54.Rxa5 Ke5 55.Kf3 Nh4+ 56.Kg4 Nf5 57.Ra8 Ne3+
58.Kg5 1-0

[Event "XXXIV Open Internacional de Barbera del Valles - G
[Site "Barbera del Valles (Spain)"]
[Date "2011.07.06"]
[Round "3"]
[Board "1"]
[White "GEORGIEV, Kiril"]
[Black "PHADKE, Sohan"]
[Result "1-0"]
[WhiteElo "2654"]
[BlackElo "2252"]
[PlyCount "69"]
[EventDate "2011.07.04"]
[EventRounds "9"]
[EventCountry "ESP"]

1.d4 Nf6 2.Nf3 g6 3.Bg5 d5 4.Nbd2 Bg7 5.e3 c5 6.c3 Nbd7 7.Bd3 O-O 8.O-O b6 9.a4
Bb7 10.Qb1 h6 11.Bh4 g5 12.Bg3 Nh5 13.Be5 f6 14.Bg3 e5 15.Bf5 Nxg3 16.hxg3 e4
17.Nh2 Qc7 18.Qd1 Rfe8 19.Qh5 Nf8 20.Ng4 Qf7 21.Nxh6+ Bxh6 22.Qxh6 Bc8 23.g4 Qg7
24.Qh5 Bxf5 25.gxf5 g4 26.Rfe1 Nh7 27.Nf1 Qg5 28.Ng3 Qxh5 29.Nxh5 Kf7 30.Nf4
Rad8 31.a5 b5 32.dxc5 Re5 33.a6 Rxf5 34.Ra5 b4 35.Rb5 1-0

[Event "XXXIV Open Internacional de Barbera del Valles - G
[Site "Barbera del Valles (Spain)"]
[Date "2011.07.06"]
[Round "3"]
[Board "1"]
[White "LEON HOYOS, Manuel"]
[Black "DESHPANDE, Aniruddha"]
[Result "1-0"]
[WhiteElo "2548"]
[BlackElo "2228"]
[PlyCount "83"]
[EventDate "2011.07.04"]
[EventRounds "9"]
[EventCountry "ESP"]

1.c4 Nf6 2.Nc3 e6 3.d4 d5 4.cxd5 exd5 5.Bg5 Be7 6.e3 c6 7.Bd3 h6 8.Bh4 Ne4
9.Bxe7 Qxe7 10.Nge2 Bf5 11.Bxe4 Bxe4 12.Nxe4 Qxe4 13.O-O Nd7 14.b4 O-O 15.b5
cxb5 16.Nc3 Qe6 17.Qb3 Nb6 18.Qxb5 Rfc8 19.Ne2 Qc6 20.Qb1 Qc2 21.Nf4 Qxb1
22.Rfxb1 Rc7 23.a4 Rd8 24.g4 Rd6 25.Rb5 Rcd7 26.Rc5 Kh7 27.Ra2 g5 28.Nd3 Nc4
29.a5 b6 30.axb6 Rxb6 31.Rc8 a5 32.Ra8 Rbb7 33.Nc5 Rb1+ 34.Kg2 Rd6 35.Ra7 Kg6
36.Nb7 Rdb6 37.Nxa5 Nd6 38.Rc7 Kf6 39.Nc6 Rc1 40.Nb4 Rxc7 41.Nxd5+ Kg6 42.Nxc7 1-0

[Event "XXXIV Open Internacional de Barbera del Valles - G
[Site "Barbera del Valles (Spain)"]
[Date "2011.07.06"]
[Round "3"]
[Board "1"]
[White "ALBERTO, Manuel"]
[Black "CARLSSON, Pontus"]
[Result "1/2-1/2"]
[WhiteElo "2218"]
[BlackElo "2496"]
[PlyCount "132"]
[EventDate "2011.07.04"]
[EventRounds "9"]
[EventCountry "ESP"]

1.e4 e6 2.d4 d5 3.e5 c5 4.c3 Nc6 5.Nf3 Qb6 6.a3 Bd7 7.b4 cxd4 8.cxd4 Rc8 9.Be2
Nge7 10.O-O Nf5 11.Bb2 Be7 12.g4 Nh6 13.h3 O-O 14.Nc3 f6 15.Na4 Qd8 16.Nc5 Bxc5
17.dxc5 Nxe5 18.Nxe5 fxe5 19.Bxe5 Nf7 20.Qd4 Qh4 21.Kg2 Nxe5 22.Qxe5 a6 23.Rad1
Rf7 24.f4 Rcf8 25.Rd4 h6 26.Bf3 Kh8 27.Be2 Qf6 28.Bd3 g5 29.Qe3 Qg7 30.Be2 Bc6
31.Kg1 Rf6 32.fxg5 Qxg5 33.Qg3 Rxf1+ 34.Bxf1 e5 35.Rd1 d4 36.Bg2 h5 37.Bxc6 bxc6
38.Rf1 Rxf1+ 39.Kxf1 h4 40.Qf3 Qc1+ 41.Kf2 Qc2+ 42.Ke1 Kg7 43.Qxc6 Qc1+ 44.Ke2
Qc2+ 45.Ke1 Qc3+ 46.Kd1 Qd3+ 47.Ke1 Qg3+ 48.Kd1 Qb3+ 49.Ke1 Qe3+ 50.Kd1 d3
51.Qd7+ Kf6 52.Qd8+ Kg6 53.Qg8+ Kf6 54.Qd8+ Kg7 55.Qe7+ Kg6 56.Qe6+ Kg7 57.Qe7+
Kg6 58.Qe6+ Kg7 59.Qe7+ Kg8 60.Qe8+ Kg7 61.Qe7+ Kg6 62.Qe6+ Kg5 63.Qf5+ Kh6
64.Qf6+ Kh7 65.Qf7+ Kh8 66.Qf8+ Kh7 1/2-1/2

[Event "XXXIV Open Internacional de Barbera del Valles - G
[Site "Barbera del Valles (Spain)"]
[Date "2011.07.06"]
[Round "3"]
[Board "1"]
[White "VEHI BACH, Victor Manuel"]
[Black "TRUJILLO, Villega Pablo Adrian"]
[Result "1/2-1/2"]
[WhiteElo "2403"]
[BlackElo "2173"]
[PlyCount "78"]
[EventDate "2011.07.04"]
[EventRounds "9"]
[EventCountry "ESP"]

1.e4 c5 2.Nf3 Nc6 3.d4 cxd4 4.Nxd4 Nf6 5.Nc3 e6 6.Ndb5 Bb4 7.a3 Bxc3+ 8.Nxc3 d5
9.exd5 exd5 10.Bd3 O-O 11.O-O d4 12.Ne2 Bg4 13.f3 Bh5 14.Nf4 Bg6 15.Nxg6 hxg6
16.f4 Ne7 17.f5 Nxf5 18.Bxf5 gxf5 19.Rxf5 Qb6 20.Qd3 Rac8 21.Rb1 Qc7 22.Rf2 Ng4
23.Rf4 Ne5 24.Qe2 Rfd8 25.Re4 f6 26.Bf4 Qxc2 27.Qxc2 Rxc2 28.Bxe5 Re8 29.Rxd4
Rxe5 30.b4 Rg5 31.g3 Re5 32.Rd3 Ree2 33.h4 Rg2+ 34.Kf1 Rh2 35.Kg1 Rcg2+ 36.Kf1
Ra2 37.Kg1 Rag2+ 38.Kf1 Ra2 39.Kg1 Rag2+ 1/2-1/2

[Event "XXXIV Open Internacional de Barbera del Valles - G
[Site "Barbera del Valles (Spain)"]
[Date "2011.07.06"]
[Round "3"]
[Board "1"]
[White "MARTIN CAPITAN, Feliciano"]
[Black "CRUZ RAVINA, Francisco Javier"]
[Result "0-1"]
[WhiteElo "2133"]
[BlackElo "2399"]
[PlyCount "50"]
[EventDate "2011.07.04"]
[EventRounds "9"]
[EventCountry "ESP"]

1.e4 e6 2.d4 d5 3.exd5 exd5 4.Bd3 Bd6 5.Ne2 Ne7 6.Nbc3 c6 7.Bg5 f6 8.Bh4 Bf5
9.O-O O-O 10.Re1 Bxd3 11.Qxd3 Na6 12.Bg3 Nc7 13.Nf4 Qd7 14.Re2 Nf5 15.Rae1 Nxg3
16.hxg3 Rae8 17.Nd1 Rxe2 18.Rxe2 Re8 19.Ne3 Re4 20.f3 Re8 21.Kf2 Ne6 22.Qf5 Qf7
23.c3 g6 24.Qg4 f5 25.Nxf5 Bxf4 0-1

[Event "XXXIV Open Internacional de Barbera del Valles - G
[Site "Barbera del Valles (Spain)"]
[Date "2011.07.06"]
[Round "3"]
[Board "1"]
[White "SILVA RODRIGUEZ, Julio"]
[Black "LORENZO DE LA RIVA, Lazaro"]
[Result "1-0"]
[WhiteElo "2133"]
[BlackElo "2391"]
[PlyCount "85"]
[EventDate "2011.07.04"]
[EventRounds "9"]
[EventCountry "ESP"]

1.e4 c5 2.Nf3 Nf6 3.Nc3 d5 4.exd5 Nxd5 5.Bc4 Nxc3 6.bxc3 e6 7.O-O Be7 8.Ne5 O-O
9.d4 Nd7 10.Bd3 Nxe5 11.dxe5 Qc7 12.Re1 Rd8 13.Qg4 c4 14.Bh6 g6 15.Be4 Bd7
16.Bg5 Bxg5 17.Qxg5 Bc6 18.h4 Bxe4 19.Rxe4 Rd5 20.h5 Qd8 21.Qg4 Qf8 22.Rae1 b5
23.R1e3 Qg7 24.hxg6 hxg6 25.Qg5 Rf8 26.Rg4 Rfd8 27.f4 Qf8 28.Rh4 Qg7 29.Rh6 f6
30.Qxg6 Qxg6 31.Rxg6+ Kf7 32.Rxf6+ Ke7 33.Rh3 Rg8 34.Rhh6 Rg3 35.Rh7+ Ke8
36.Rxe6+ Kf8 37.Rc6 Kg8 38.Rxa7 Rd8 39.e6 Rxc3 40.f5 Rf8 41.f6 Rb8 42.Rg7+ Kh8
43.Rc5 1-0

[Event "XXXIV Open Internacional de Barbera del Valles - G
[Site "Barbera del Valles (Spain)"]
[Date "2011.07.06"]
[Round "3"]
[Board "1"]
[White "GOMEZ JURADO, Luis Alberto"]
[Black "DO SANTOS JULIO, Joao Manuel"]
[Result "1-0"]
[WhiteElo "2353"]
[BlackElo "2104"]
[PlyCount "89"]
[EventDate "2011.07.04"]
[EventRounds "9"]
[EventCountry "ESP"]

1.c4 Nf6 2.g3 d5 3.cxd5 Nxd5 4.Bg2 c6 5.Nc3 Nxc3 6.bxc3 g6 7.d4 Bg7 8.e4 e5
9.Ne2 O-O 10.O-O Nd7 11.f4 exd4 12.cxd4 f5 13.Qb3+ Kh8 14.e5 Nb6 15.a4 Re8 16.a5
Nd5 17.Bxd5 Qxd5 18.Qxd5 cxd5 19.Nc3 Be6 20.Nb5 Rec8 21.Ba3 Rc4 22.Bc5 Bd7
23.Nc7 Rc8 24.Nxd5 R4xc5 25.dxc5 Bf8 26.Rac1 Bxc5+ 27.Kg2 b6 28.axb6 axb6
29.Rfd1 Bc6 30.Kh3 h6 31.e6 g5 32.Rxc5 bxc5 33.Ne7 Bf3 34.Nxc8 g4+ 35.Kh4 Bxd1
36.Nd6 Kg7 37.Nxf5+ Kf6 38.Ne3 Be2 39.f5 Bf3 40.Kh5 Be2 41.Kxh6 Bd3 42.Kh5 c4
43.Nd5+ Ke5 44.e7 Kxd5 45.e8=Q 1-0

[Event "XXXIV Open Internacional de Barbera del Valles - G
[Site "Barbera del Valles (Spain)"]
[Date "2011.07.06"]
[Round "3"]
[Board "1"]
[White "THAKUR, Akash"]
[Black "CASTRO EXPOSITO, Cristobal"]
[Result "1-0"]
[WhiteElo "2327"]
[BlackElo "2084"]
[PlyCount "91"]
[EventDate "2011.07.04"]
[EventRounds "9"]
[EventCountry "ESP"]

1.d4 e6 2.Nf3 d5 3.Bf4 Bd6 4.Bg3 Ne7 5.Nc3 f5 6.Qd2 O-O 7.e3 c6 8.Bxd6 Qxd6
9.Ne5 Nd7 10.f4 Nf6 11.Bd3 a6 12.Na4 Rb8 13.O-O Bd7 14.c4 b5 15.cxb5 cxb5 16.Nc5
Bc8 17.Rfc1 Nd7 18.Qa5 Nc6 19.Nxc6 Qxc6 20.Nxd7 Qxd7 21.Qc7 Rb7 22.Qc6 Qxc6
23.Rxc6 a5 24.Rac1 Bd7 25.Rc7 Rfb8 26.Kf2 Kf8 27.g4 g6 28.g5 Ke7 29.R7c5 Kd6
30.h4 Rb6 31.h5 gxh5 32.Rh1 Be8 33.Be2 Rc6 34.Bxh5 Bxh5 35.Rxh5 Rb7 36.Rh6 Rxc5
37.dxc5+ Kxc5 38.Rxe6 Rc7 39.Ke2 Kb4 40.Kd2 Rf7 41.Rf6 Rd7 42.Rxf5 a4 43.Re5 a3
44.b3 d4 45.Re4 Kc5 46.Rxd4 1-0

[Event "XXXIV Open Internacional de Barbera del Valles - G
[Site "Barbera del Valles (Spain)"]
[Date "2011.07.06"]
[Round "3"]
[Board "1"]
[White "BYSTROV, Sergej M"]
[Black "ANUPRITA, Patil"]
[Result "1-0"]
[WhiteElo "2300"]
[BlackElo "2048"]
[PlyCount "105"]
[EventDate "2011.07.04"]
[EventRounds "9"]
[EventCountry "ESP"]

1.d4 d5 2.Nf3 Nf6 3.e3 e6 4.Bd3 c5 5.b3 Nc6 6.Bb2 Be7 7.Nbd2 O-O 8.a3 Nd7 9.O-O
Bf6 10.Re1 e5 11.Nxe5 Ndxe5 12.dxe5 Bxe5 13.Bxe5 Nxe5 14.Bxh7+ Kxh7 15.Qh5+ Kg8
16.Qxe5 Re8 17.Qf4 Qa5 18.b4 Qa4 19.bxc5 Qxc2 20.Qd4 Bf5 21.Rec1 Qd3 22.Qxd3
Bxd3 23.Rc3 Bf5 24.Nb3 Rec8 25.Rd1 Be6 26.Nd4 Rc7 27.Rdc1 a6 28.f4 Bd7 29.Kf2
Bb5 30.Nxb5 axb5 31.Rd1 Rd8 32.Rd4 b6 33.c6 Rd6 34.e4 Rdxc6 35.Rxc6 Rxc6 36.Rxd5
Rc2+ 37.Kf3 Rc3+ 38.Kg4 Rb3 39.h4 g6 40.h5 gxh5+ 41.Rxh5 Kg7 42.Rd5 b4 43.axb4
Rxb4 44.Kf5 Rb1 45.g4 b5 46.Rd7 b4 47.e5 Kg8 48.Rb7 b3 49.Kf6 b2 50.f5 Rg1
51.Rxb2 Rxg4 52.Rb8+ Kh7 53.Kxf7 1-0

[Event "XXXIV Open Internacional de Barbera del Valles - G
[Site "Barbera del Valles (Spain)"]
[Date "2011.07.06"]
[Round "3"]
[Board "1"]
[White "COLON GARCIA, Enrique"]
[Black "JARENO BADENAS, Aleix"]
[Result "1-0"]
[WhiteElo "2276"]
[BlackElo "2026"]
[PlyCount "55"]
[EventDate "2011.07.04"]
[EventRounds "9"]
[EventCountry "ESP"]

1.e4 e6 2.d4 d5 3.Nd2 Nf6 4.e5 Nfd7 5.c3 c5 6.Bd3 Nc6 7.Ne2 cxd4 8.cxd4 f6
9.exf6 Nxf6 10.O-O Bd6 11.Nf3 O-O 12.Bf4 Bxf4 13.Nxf4 Ne4 14.g3 Qf6 15.h4 h6
16.Bxe4 dxe4 17.Ne5 Nxe5 18.dxe5 Qf5 19.h5 e3 20.Ng6 exf2+ 21.Kh2 Re8 22.g4 Qe4
23.Rxf2 b6 24.Rf4 Qc6 25.Rf8+ Kh7 26.Rc1 Qe4 27.Rf4 Qd5 28.Qc2 1-0

[Event "XXXIV Open Internacional de Barbera del Valles - G
[Site "Barbera del Valles (Spain)"]
[Date "2011.07.06"]
[Round "3"]
[Board "1"]
[White "POZANCO ROMASANTA, Marc"]
[Black "OBON TEMPRANO, Sergi"]
[Result "0-1"]
[WhiteElo "1916"]
[BlackElo "2255"]
[PlyCount "38"]
[EventDate "2011.07.04"]
[EventRounds "9"]
[EventCountry "ESP"]

1.d4 d5 2.c4 c6 3.Nc3 Nf6 4.cxd5 cxd5 5.e3 Nc6 6.Nf3 e6 7.Bb5 Bd6 8.O-O O-O 9.a3
Bd7 10.Ba4 Rc8 11.Qd3 Ne7 12.Bc2 Ng6 13.h4 Ne4 14.Nxe4 dxe4 15.Qxe4 Bc6 16.Qd3
Bxf3 17.gxf3 Qxh4 18.Re1 Qh3 19.f4 Rxc2 0-1

[Event "XXXIV Open Internacional de Barbera del Valles - G
[Site "Barbera del Valles (Spain)"]
[Date "2011.07.06"]
[Round "3"]
[Board "1"]
[White "RIDAMEYA TATCHE, Jose Miguel"]
[Black "SIMON PADROS, Emili"]
[Result "0-1"]
[WhiteElo "2072"]
[BlackElo "2279"]
[PlyCount "78"]
[EventDate "2011.07.04"]
[EventRounds "9"]
[EventCountry "ESP"]

1.c4 e6 2.Nc3 f5 3.d4 Nf6 4.g3 d5 5.cxd5 exd5 6.Bg2 c6 7.Bf4 Be7 8.Nf3 O-O 9.Qc2
Ne4 10.Bxb8 Rxb8 11.Ne5 Bd6 12.f4 Be6 13.Nf3 Rc8 14.Rc1 h6 15.e3 Qe7 16.Qd3 Bf7
17.O-O Bh5 18.Ne5 Bxe5 19.fxe5 g5 20.Nxe4 fxe4 21.Qd2 Qe6 22.Rxf8+ Rxf8 23.Rf1
Bf3 24.Bxf3 exf3 25.Qd3 g4 26.Qb1 Kg7 27.e4 h5 28.b3 Qh6 29.Qe1 dxe4 30.Qxe4 Qg6
31.Qe3 Qf5 32.Qd2 Rd8 33.Qe3 Kg6 34.h4 Kf7 35.Rf2 c5 36.Rd2 cxd4 37.e6+ Qxe6
38.Qf4+ Ke8 39.Kh2 Qe3 0-1